000 00607nam a22001937a 4500
003 OSt
005 20240606053224.0
008 240606b |||||||| |||| 00| 0 eng d
020 _a9786214160693
040 _aDWC- Main Lib
_cOC
082 _aFil. 657.835 P984g 2019
100 _aPunzalan, Angelito R.
245 _aGovernment accounting /
_cAngelito R. Punzalan and Milagros M. Cardona.
260 _aManila,Philippines :
_bGIC Enterprises & Co. Inc.,
_cc2019.
300 _a487 pages :
_billustrations ;
_c23cm.
650 _a1. Accounting.
700 _aCardona, Milagros M.
942 _2ddc
_cBK - FIL
_n1
999 _c271
_d271